Normal view
MARC view
- Ahand book of Statistical Graphics
Entry Topical Term
001 - CONTROL NUMBER
- control field: 3858
003 - CONTROL NUMBER IDENTIFIER
- control field: JO-AjAnu
005 - DATE AND TIME OF LATEST TRANSACTION
- control field: 20230606070932.0
008 - FIXED-LENGTH DATA ELEMENTS
- fixed length control field: 230606|| aca||aabn | a|a d
040 ## - CATALOGING SOURCE
- Original cataloging agency: JO-AjAnu
- Transcribing agency: JO-AjAnu
150 ## - HEADING--TOPICAL TERM
- Topical term or geographic name entry element: Ahand book of Statistical Graphics
670 ## - SOURCE DATA FOUND
- Source citation: Work cat.: (JO-AjAnu)2011: BHATTACharjee,dibyojyoti, author 3857, A hand book of Statistical Graphics